Management Information Systems / (Record no. 26544)

000 -LEADER
fixed length control field 00665 a2200205 4500
008 - FIXED-LENGTH DATA ELEMENTS--GENERAL INFORMATION
fixed length control field 230731b ||||| |||| 00| 0 eng d
020 ## - INTERNATIONAL STANDARD BOOK NUMBER
International Standard Book Number 9789353164652
041 0# - LANGUAGE CODE
Language code of text/sound track or separate title eng
082 00 - DEWEY DECIMAL CLASSIFICATION NUMBER
Classification number 658.4038
Item number B4197
100 ## - MAIN ENTRY--PERSONAL NAME
Personal name Behl, Ramesh
9 (RLIN) 5620
245 ## - TITLE STATEMENT
Title Management Information Systems /
250 ## - EDITION STATEMENT
Edition statement 11th ed.
260 ## - PUBLICATION, DISTRIBUTION, ETC. (IMPRINT)
Place of publication, distribution, etc Chennai :
Name of publisher, distributor, etc McGraw Hill Education (India) Private Limited,
Date of publication, distribution, etc 2019.
300 ## - PHYSICAL DESCRIPTION
Extent xxxv, 786 p. :
Other physical details ill. :
Dimensions 28 cm.
504 ## - BIBLIOGRAPHY, ETC. NOTE
Bibliography, etc Includes index.
650 #0 - SUBJECT ADDED ENTRY--TOPICAL TERM
Topical term or geographic name as entry element Management Information Systems
700 ## - ADDED ENTRY--PERSONAL NAME
9 (RLIN) 5621
Personal name O'Brien, James A.
9 (RLIN) 5622
Personal name Marakas, George M.
942 ## - ADDED ENTRY ELEMENTS (KOHA)
Source of classification or shelving scheme
Item type Books
Holdings
Withdrawn status Lost status Source of classification or shelving scheme Damaged status Not for loan Permanent location Current location Shelving location Date acquired Source of acquisition Cost, normal purchase price Full call number Barcode Date last seen Cost, replacement price Koha item type
          IMU Kolkata IMU Kolkata Reference 2023-08-03 5 615.00 658.4038 B4197 14290 2023-08-03 820.00 Books
          IMU Kolkata IMU Kolkata   2023-04-17         2023-04-17   Books
          IMU Kolkata IMU Kolkata   2023-04-17         2023-04-17   Books
Designed and Maintained by IMU-KC Library, Kolkata Campus © Copyright All Rights Reserved

webs counters

Powered by Koha